| 000 | 00448nam a2200121Ia 4500 | ||
|---|---|---|---|
| 008 | 170221s9999 xx 000 0 und d | ||
| 100 | _aWarren Matthews | ||
| 245 | _aKeynesian excess: easy policy and slower economic growth | ||
| 245 | _cWarren Matthews, Belhaven University; Robert Driver, DeVry University. | ||
| 260 | _bJournal of Management and Marketing Research | ||
| 650 | _xBusiness | ||
| 856 | _uhttp://www.aabri.com/manuscripts/131714.pdf | ||
| 999 |
_c307706 _d307706 |
||